000 00624nam a2200253Ia 4500
005 20260123164111.0
008 008 260114s9999 xx 000 0 eng d
020 _a9789389347722
037 _aEBOOK
040 _aCRL
040 _beng
040 _cCRL
041 _2eng
041 _aeng
084 _qCRL
100 _aAHSAN, SABIHA, AKHTAR, AHSAN
_91105924
245 0 _aTEXTBOOK OF DIFFERENTIAL CALCULUS - THIRD EDITION
260 _bPHI
260 _c2021
856 _uhttps://elibrary.phindia.com/ebooks/reader/9789389347722du
942 _cEBOOK
999 _c1671047
_d1671047